[Event "Ruhrgebiet Verbandsliga Gruppe 1 1617"]
[Site "Germany"]
[Date "2016.09.25"]
[Round "2.8"]
[White "Luek, Harald"]
[Black "Tochtrop, Lothar"]
[Result "0-1"]
[WhiteElo "1781"]
[BlackElo "1858"]
[PlyCount "126"]
[EventDate "2016.09.04"]
[EventType "team-tourn"]
[EventRounds "9"]
[EventCountry "GER"]
[SourceTitle "EXT 2022"]
[Source "ChessBase"]
[SourceDate "2021.10.06"]
[SourceVersion "1"]
[SourceVersionDate "2021.10.06"]
[SourceQuality "1"]
[WhiteTeam "Bochum-Linden"]
[BlackTeam "Bottrop SV"]
[WhiteTeamCountry "GER"]
[BlackTeamCountry "GER"]

1. c4 e5 2. Nf3 Nc6 3. g3 f5 4. d3 Nf6 5. Bg2 Bc5 6. e3 0-0 7. Nc3 d6 8. 0-0 a6 9. a3 Ne7 10. d4 exd4 11. exd4 Ba7 12. Re1 Ng6 13. Bg5 c6 14. d5 Qb6 15. Re2 Ng4 16. Na4 Qc7 17. Nd4 f4 18. Re4 Nf6 19. Bxf6 Rxf6 20. dxc6 fxg3 21. hxg3 Ne5 22. Qe2 bxc6 23. f4 Bg4 24. Qc2 Nf3+ 25. Bxf3 Bxf3 26. Kf1 Bxe4 27. Qxe4 Bxd4 28. Qxd4 Re8 29. Rd1 Qe7 30. Nc3 Qe3 31. Qxe3 Rxe3 32. Kf2 Re7 33. Kf3 g5 34. b4 gxf4 35. gxf4 Rfe6 36. Rd3 Rh6 37. Ne4 Rd7 38. Kg3 d5 39. cxd5 cxd5 40. Nc5 Rdd6 41. f5 Kf7 42. Kg4 Rh1 43. Nb7 Rd7 44. Nc5 Rg1+ 45. Kf4 Rd6 46. Nb7 Rb6 47. Nc5 Rd6 48. Nb7 Rd7 49. Nc5 Rf1+ 50. Kg5 Rd8 51. Nxa6 Rg8+ 52. Kh4 h5 53. b5 Rh1+ 54. Rh3 Rxh3+ 55. Kxh3 Ra8 56. a4 d4 57. Nc5 d3 58. Nxd3 Rxa4 59. Nc5 Rb4 60. Nb7 Kf6 61. Nd6 Ke5 62. Ne8 Kxf5 63. b6 Kg5 0-1

[Event "NRW Verbandsliga Group2 1314"]
[Site "Nordrheinwestfalen"]
[Date "2014.04.06"]
[Round "9"]
[White "Luek, Harald"]
[Black "Kartsev, Nikolaj"]
[Result "1-0"]
[WhiteElo "1883"]
[BlackElo "1589"]
[PlyCount "52"]
[EventDate "2013.09.08"]
[EventType "team-tourn"]
[EventRounds "9"]
[EventCountry "GER"]
[SourceTitle "EXT 2020"]
[Source "ChessBase"]
[SourceDate "2019.10.17"]
[SourceVersion "1"]
[SourceVersionDate "2019.10.17"]
[SourceQuality "1"]
[WhiteTeam "Bochum-Linden"]
[BlackTeam "Brackel SF II"]
[WhiteTeamCountry "GER"]
[BlackTeamCountry "GER"]

1. c4 Nf6 2. g3 g6 3. Bg2 Bg7 4. Nf3 d6 5. d4 Nc6 6. 0-0 0-0 7. Nc3 Bf5 8. Nh4 Bd7 9. Rb1 a5 10. a3 e5 11. d5 Ne7 12. b4 c5 13. bxc5 dxc5 14. Rxb7 Qc8 15. Qb3 Nf5 16. Nxf5 Bxf5 17. Bg5 Bh3 18. Bxf6 Bxf6 19. Rb1 Bxg2 20. Kxg2 Bd8 21. Qb5 f5 22. Qd7 Qxd7 23. Rxd7 Rf7 24. Rxf7 Kxf7 25. Rb7+ Kg8 26. Na4 h5 1-0

[Event "Ruhrgebiet Verbandsliga1 1213"]
[Site "Nordrheinwestfalen"]
[Date "2013.04.28"]
[Round "9.8"]
[White "Horenburg, Oliver"]
[Black "Luek, Harald"]
[Result "1/2-1/2"]
[WhiteElo "1795"]
[BlackElo "1893"]
[PlyCount "73"]
[EventDate "2012.09.02"]
[EventType "team-tourn"]
[EventRounds "9"]
[EventCountry "GER"]
[SourceTitle "EXT 2020"]
[Source "ChessBase"]
[SourceDate "2019.10.17"]
[SourceVersion "1"]
[SourceVersionDate "2019.10.17"]
[SourceQuality "1"]
[WhiteTeam "Eichlinghofen SV"]
[BlackTeam "Bochum-Linden-Dahlhausen"]
[WhiteTeamCountry "GER"]
[BlackTeamCountry "GER"]

1. d4 Nf6 2. Nf3 g6 3. Bg5 Bg7 4. e3 d6 5. Nc3 Nbd7 6. Bc4 0-0 7. h4 h5 8. Qd3 c6 9. Bxf6 Nxf6 10. d5 cxd5 11. Nxd5 Nxd5 12. Bxd5 e6 13. Bb3 Bxb2 14. Rd1 Qa5+ 15. Kf1 b6 16. Ng5 Ba6 17. c4 b5 18. Kg1 bxc4 19. Bxc4 Bxc4 20. Qxc4 Rac8 21. Qe2 Qa4 22. Rh3 Qxd1+ 23. Qxd1 Rc1 24. Qxc1 Bxc1 25. Rf3 d5 26. Rf4 Ba3 27. Kf1 e5 28. Rf6 Bc5 29. Ke2 Be7 30. Ra6 Bc5 31. Rf6 Kg7 32. Rc6 Bb6 33. Kd3 Re8 34. a4 f6 35. Ne6+ Kf7 36. Nc5 Re7 37. Nb3 1/2-1/2

[Event "Ruhrgebiet Verbandsliga1 1213"]
[Site "Nordrheinwestfalen"]
[Date "2013.02.24"]
[Round "7.8"]
[White "Sack, Thomas"]
[Black "Luek, Harald"]
[Result "0-1"]
[WhiteElo "1830"]
[BlackElo "1893"]
[PlyCount "98"]
[EventDate "2012.09.02"]
[EventType "team-tourn"]
[EventRounds "9"]
[EventCountry "GER"]
[SourceTitle "EXT 2020"]
[Source "ChessBase"]
[SourceDate "2019.10.17"]
[SourceVersion "1"]
[SourceVersionDate "2019.10.17"]
[SourceQuality "1"]
[WhiteTeam "Dortmund FS 98"]
[BlackTeam "Bochum-Linden-Dahlhausen"]
[WhiteTeamCountry "GER"]
[BlackTeamCountry "GER"]

1. d4 Nf6 2. f3 d5 3. e4 dxe4 4. Nc3 e3 5. Bc4 Bf5 6. g4 Bg6 7. g5 Nfd7 8. Bxe3 e6 9. a3 h6 10. f4 Nb6 11. Bb3 hxg5 12. fxg5 Bd6 13. Qg4 Bf5 14. Qg2 c6 15. Nge2 Qc7 16. 0-0-0 N8d7 17. d5 Nxd5 18. Bxd5 cxd5 19. Nd4 Bh3 20. Qf3 Ne5 21. Qe2 a6 22. Rhg1 Nc4 23. Bf2 0-0-0 24. Rd3 Bf4+ 25. Kb1 e5 26. Nb3 Be6 27. g6 d4 28. Ne4 Rxh2 29. gxf7 Qxf7 30. Rf3 Qh5 31. Nbc5 Bd5 32. Qd3 g5 33. Rxf4 gxf4 34. Nf6 Qh3 35. Qg6 Rxf2 36. Nxd5 Nd2+ 37. Ka2 Rxd5 38. Qf7 Rd7 39. Qe8+ Rd8 40. Qe7 Qf3 41. Ne6 Qd5+ 42. b3 Qd6 43. Qf7 Ne4 44. Nxd8 Rxc2+ 45. Kb1 Rc7 46. Qf5+ Kb8 47. Rg8 Nd2+ 48. Kb2 Ka7 49. Qd3 Qd5 0-1

[Event "Ruhrgebiet Verbandsliga1 1011"]
[Site "Nordrheinwestfalen"]
[Date "2011.02.27"]
[Round "7.8"]
[White "Luek, Harald"]
[Black "Blum, Alfred"]
[Result "1/2-1/2"]
[WhiteElo "1889"]
[BlackElo "1832"]
[PlyCount "60"]
[EventDate "2011.09.12"]
[EventType "team-tourn"]
[EventRounds "9"]
[EventCountry "GER"]
[SourceTitle "EXT 2020"]
[Source "ChessBase"]
[SourceDate "2019.10.17"]
[SourceVersion "1"]
[SourceVersionDate "2019.10.17"]
[SourceQuality "1"]
[WhiteTeam "Bochum-Linden-Dahlhausen"]
[BlackTeam "Katernberg SF III"]
[WhiteTeamCountry "GER"]
[BlackTeamCountry "GER"]

1. c4 Nf6 2. g3 e6 3. Bg2 d5 4. cxd5 exd5 5. Nf3 Be7 6. 0-0 0-0 7. d4 Re8 8. a3 a5 9. Nc3 Bg4 10. Ne5 Bf5 11. Qb3 Nc6 12. Nxc6 bxc6 13. Bg5 h6 14. Bxf6 Bxf6 15. Qd1 Qe7 16. e3 Reb8 17. Qd2 Rb3 18. Rfc1 Qe8 19. Bf1 Be7 20. Na4 Rab8 21. Rc3 Rxc3 22. Qxc3 Ra8 23. Rc1 Bd7 24. Qd2 Qb8 25. Rc3 Bd6 26. f3 Qe8 27. Kf2 Bb4 28. axb4 axb4 29. Rb3 Rxa4 30. Rxb4 Qa8 1/2-1/2

[Event "Ruhrgebiet VK1 0405"]
[Site "Ruhrgebiet"]
[Date "2004.11.28"]
[Round "4.8"]
[White "Raygrotzki, Norbert"]
[Black "Luek, Harald"]
[Result "1-0"]
[WhiteElo "1841"]
[BlackElo "1893"]
[PlyCount "89"]
[EventDate "2004.09.12"]
[EventType "team"]
[EventRounds "9"]
[EventCountry "GER"]
[SourceTitle "EXT 2006"]
[Source "ChessBase"]
[SourceDate "2005.11.24"]
[SourceVersion "1"]
[SourceVersionDate "2005.11.24"]
[SourceQuality "1"]
[WhiteTeam "Oberhausen II"]
[BlackTeam "Bochum-Linden"]
[WhiteTeamCountry "GER"]
[BlackTeamCountry "GER"]

1. c4 c5 2. Nf3 Nf6 3. d4 cxd4 4. Nxd4 Nc6 5. Nc3 g6 6. e4 Bg7 7. Be2 0-0 8. Be3 d6 9. 0-0 Bd7 10. Rc1 Nxd4 11. Bxd4 Bc6 12. f3 a6 13. Qd2 e6 14. Rfd1 d5 15. cxd5 exd5 16. e5 Nd7 17. f4 Qa5 18. b4 Qxb4 19. Nxd5 Qxd2 20. Ne7+ Kh8 21. Rxd2 Be4 22. Be3 Nb8 23. Nc8 b5 24. Nd6 Bc6 25. Bb6 Kg8 26. Kf2 f5 27. Bc7 Be4 28. Nxe4 fxe4 29. e6 Bf6 30. Ke3 Re8 31. Bg4 b4 32. Be5 Bxe5 33. fxe5 a5 34. Rd6 a4 35. Rb6 b3 36. axb3 a3 37. Be2 a2 38. Ra1 Rc8 39. Bc4 Kf8 40. Kxe4 Rc7 41. Bd5 Rca7 42. Bxa8 Rxa8 43. Kd5 Na6 44. b4 h5 45. Kc6 1-0

[Event "Ruhrgebiet VK1 0405"]
[Site "Ruhrgebiet"]
[Date "2004.11.07"]
[Round "3.7"]
[White "Parado, Dominado"]
[Black "Luek, Harald"]
[Result "1/2-1/2"]
[WhiteElo "1854"]
[BlackElo "1893"]
[PlyCount "116"]
[EventDate "2004.09.12"]
[EventType "team"]
[EventRounds "9"]
[EventCountry "GER"]
[SourceTitle "EXT 2006"]
[Source "ChessBase"]
[SourceDate "2005.11.24"]
[SourceVersion "1"]
[SourceVersionDate "2005.11.24"]
[SourceQuality "1"]
[WhiteTeam "Recklinghausen Sued"]
[BlackTeam "Bochum-Linden"]
[WhiteTeamCountry "GER"]
[BlackTeamCountry "GER"]

1. d4 Nf6 2. c4 g6 3. Nc3 Bg7 4. e4 d6 5. f3 0-0 6. Be3 Nbd7 7. Nh3 c6 8. Qd2 a6 9. Nf2 b5 10. Be2 Bb7 11. Bh6 bxc4 12. Bxg7 Kxg7 13. Bxc4 d5 14. Bb3 e5 15. dxe5 Nxe5 16. exd5 cxd5 17. 0-0-0 Rc8 18. Kb1 Nc4 19. Qd4 Qb6 20. Bxc4 Qxd4 21. Rxd4 Rxc4 22. Rhd1 Rfc8 23. Nh3 Rxd4 24. Rxd4 Rc4 25. Ne2 Bc8 26. Rxc4 dxc4 27. Nf2 Nd5 28. Nd1 f5 29. g3 Kf6 30. f4 h6 31. Nec3 Nb4 32. Ne3 Be6 33. a3 Nc6 34. Ne2 Ke7 35. Kc2 Kd6 36. Kc3 Kc5 37. h4 h5 38. Nc2 Ne7 39. Ne3 Nc8 40. Nd4 Bf7 41. Nec2 Nd6 42. b4+ cxb3 43. Nxb3+ Bxb3 44. Kxb3 Ne4 45. Nb4 a5 46. Nd3+ Kb5 47. a4+ Kb6 48. Ne5 Nxg3 49. Kc4 Ne4 50. Nd7+ Kc6 51. Ne5+ Kb6 52. Nxg6 Nc5 53. Ne7 Ne6 54. Nxf5 Nxf4 55. Ng7 Ng2 56. Nxh5 Nxh4 57. Nf6 Nf5 58. Nd7+ Kc6 1/2-1/2

[Event "Ruhrgebiet VK2 0001"]
[Site "Ruhrgebiet"]
[Date "2001.03.18"]
[Round "7"]
[White "Luek, Harald"]
[Black "Brandhorst, Dieter"]
[Result "1-0"]
[WhiteElo "1877"]
[BlackElo "1871"]
[PlyCount "67"]
[EventDate "2000.09.17"]
[EventType "team-tourn"]
[EventRounds "9"]
[EventCountry "GER"]
[SourceTitle "EXT 2023"]
[Source "ChessBase"]
[SourceDate "2022.10.05"]
[SourceVersion "1"]
[SourceVersionDate "2022.10.05"]
[SourceQuality "1"]
[WhiteTeam "Linden Sued"]
[BlackTeam "Bergeborbeck Wacker"]
[WhiteTeamCountry "GER"]
[BlackTeamCountry "GER"]

1. c4 g6 2. Nc3 Bg7 3. g3 e5 4. Bg2 Ne7 5. b4 0-0 6. e3 c6 7. Qb3 d6 8. Nge2 Na6 9. 0-0 Rb8 10. a3 Be6 11. e4 b5 12. d3 Nc7 13. a4 a5 14. axb5 cxb5 15. bxa5 bxc4 16. Qc2 Na6 17. dxc4 Nb4 18. Qa4 Bxc4 19. Ba3 Nec6 20. Rfb1 Nd4 21. Nxd4 exd4 22. Rxb4 Rxb4 23. Qxb4 dxc3 24. Qxc4 Qxa5 25. Ra2 Qb6 26. Bb4 Rb8 27. Ba3 Qd8 28. Bf1 Rc8 29. Qd5 c2 30. Bc4 Qf6 31. Rxc2 Qa1+ 32. Bc1 Bh6 33. Kg2 Bxc1 34. Rxc1 1-0